002670000a2200061000450024500850000004100140008577301060009910aEstudios botánicos en la Guayana colombiana, 2. notas sobre sida serrata willd0 aEspañol1 tRevista de la Academia Colombiana de Ciencias Exactas, Fisicas y Naturales332h70q305-309d1992g18